| 000 | 00663cam a22002291 4500 | ||
|---|---|---|---|
| 001 | sa 67002291 | ||
| 003 | DLC | ||
| 005 | 20260227112330.0 | ||
| 008 | 771108s1966 ii a b 001 0 eng | ||
| 010 | _asa 67002291 | ||
| 035 | _a(OCoLC)3403047 | ||
| 040 |
_aDLC _cAzU _dAzU _dDLC |
||
| 050 | 0 | 0 |
_aGT1460 _b.G5 1966 |
| 082 | _a391/.00954 | ||
| 100 | 1 |
_aGhurye, G. S. _q(Govind Sadashiv), _d1893-1983. |
|
| 245 | 1 | 0 |
_aIndian costume _c[by] G. S. Ghurye. |
| 250 | _a[2d ed.] | ||
| 260 |
_aBombay, _bPopular Prakashan _c[1966] |
||
| 300 |
_axxix, 302 p. _billus. _c25 cm. |
||
| 504 | _aBibliography: p. [287]-293. | ||
| 650 | 0 |
_aClothing and dress _zIndia _xHistory. |
|
| 999 |
_c73181 _d73181 |
||